Stades des clubs de ligue des champions - Statistiques

Statistiques générales
  • Ce quiz a été pris 150 fois
  • Le résultat moyen est 16 sur 32
Statistiques - réponses
Hint Réponse % Correct
Liverpool FC Anfield Road
95%
FC Barcelone Camp Nou
92%
Olympique de Marseille Orange Vélodrome
91%
Paris Saint-Germain Parc des Princes
91%
Real Madrid CF Santiago Bernabéu
88%
AC Milan San Siro
86%
Inter Milan Giuseppe Meazza
84%
Bayern Munich Allianz Arena
83%
Ajax Amsterdam Johan Cruyff Arena
75%
SSC Napoli Diego Armando Maradona
72%
Chelsea FC Stamford Bridge
71%
Manchester City Etihad Stadium
68%
Atlético de Madrid Cívitas Metropolitano
62%
Juventus Allianz Stadium
59%
Tottenham Hotspur Tottenham Hotspur Stadium
56%
FC Porto Estádio do Dragão
51%
Red Bull Salzbourg Red Bull Arena
51%
Borussia Dortmund Signal Iduna Park
51%
RB Leipzig Red Bull Arena
45%
SL Benfica Estádio da Luz
44%
Bayer Leverkusen BayArena
39%
Séville FC Stade Ramón Sánchez Pizjuán
33%
Celtic FC Celtic Park
23%
Rangers Football Club Ibrox Stadium
13%
Sporting CP Estádio José Alvalade XXI
10%
Club Bruges Stade Jan Breydel
7%
Chakhtar Donetsk Stade olympique de Kiev
5%
Eintracht Francfort Deutsche Bank Park
4%
Viktoria Plzeň Doosan Arena
2%
Dinamo Zagreb Stade Maksimir
2%
Maccabi Haïfa Stade Sammy Ofer
0%
FC Copenhague Telia Parken Stadium
0%
Aucun quiz correspondant
Distribution des résultats
% des personnes avec chaque résultat
Percentile par nombre de réponses
Votre historique - résultats
Vous n’avez pas pris ce quiz